00646nam a2200193Ia 4500008004100000040001800041041000800059100003100067245004400098260004600142300004800188490005300236500005900289500002200348650002100370650002600391650001500417650002000432130821s1976 ag a gr spa  aCo-BoUCMbspa aspa1 aMeade, James Edwardd1907-13aEl balance de pagoscJames Edward Meade aBuenos Aires (Argentina)bEL Ateneoc1976 ax, 374 páginasbilustraciones, gráficas 0aBiblioteca de Ciencias Económicas.aEconomía aEl ejemplar No. 2 es Donación Dr. Álvaro Daza Roa. aIncluye índice.04aBalanza de pagos04aEconomía política04aEconomía04aMicroeconomía